Slovakia ... a global report on the state of society

Bibliographic Details
Other Authors: Mesežnikov, Grigorij, 1958- (Editor), Kollár, Miroslav, 1969- (Editor), Nicholson, Tom, 1966- (Editor), Bútora, Martin, 1944- (Editor)
Format: Serial
Language:English
Slovak
PhysicalDescription:zv. grafy, tab. 24 cm
Published: Bratislava Institute for Public Affairs 1998-
ISBN:8088935288 (brož. : r. 2001)
808893544X (brož. : r. 2002)
808893561X (brož. : r. 2003)
9788088935940 (brož. : r. 2006)
8088935792 (brož. : r. 2004)
8088935865 (brož. : r. 2005)
9788089345168 (brož. r. 2008)
8088935113 (brož. : r. 1998/1999)
8088935229 (brož. : r. 2000)
9788089345311 (brož. r. 2010)
Series:Slovakia in motion
Subjects:

MARC

LEADER 00000nas a2200000 a 4500
001 vtls001474563
003 SK-MaSNL
005 20260425194130.0
008 040510c19989999xo ar 0 0a0eng
015 |a SNBB2008/01-00073 (r. 2001)  |a SNBB2008/01-00074 (r. 2002)  |a SNBB2008/01-00075 (r. 2003)  |a SNBB2009/04-01692 (r. 2004)  |a SNBB2009/04-01693 (r. 2005)  |a SNBB2008/03-01191 (r. 2006) 
020 |a 8088935288 (brož. : r. 2001)  |z 8088935229 
020 |a 808893544X (brož. : r. 2002) 
020 |a 808893561X (brož. : r. 2003) 
020 |a 9788088935940 (brož. : r. 2006)  |z 8088935940 
020 |a 8088935792 (brož. : r. 2004) 
020 |a 8088935865 (brož. : r. 2005) 
020 |a 9788089345168 (brož. r. 2008) 
020 |a 8088935113 (brož. : r. 1998/1999) 
020 |a 8088935229 (brož. : r. 2000) 
020 |a 9788089345311 (brož. r. 2010) 
035 |a SNK000429864 
040 |a SNK  |b slo  |c SNK  |d SAVUK  |e AACR2 
041 1 |a eng  |h slo 
043 |a e-xo--- 
044 |a xo  |c SK 
072 7 |a 316.3  |x Globálne spoločnosti. Sociálna štruktúra. Sociálne skupiny  |2 konspekt 
080 |a (437.6)  |2 2001 
080 |a (047)  |2 2001 
080 |a (058)  |2 2001 
080 |a 323  |2 2001 
080 |a 327  |2 2001 
080 |a 33  |2 2001 
080 |a 316.3  |2 2001 
245 0 0 |a Slovakia ...  |b a global report on the state of society 
260 |a Bratislava  |b Institute for Public Affairs  |c 1998- 
300 |a zv.  |b grafy, tab.  |c 24 cm 
310 |a 1x ročne 
362 0 |a 1996/97- 
490 1 |a Slovakia in motion 
500 |a Súčasťou názvu je označenie bežného roku 
500 |a Popis podľa: R. 2001 (vydané v r. 2002) 
500 |a Editori: 2001-2002, Grigorij Mesežnikov, Miroslav Kollár, Tom Nicholson; 2003-2004, Grigorij Mesežnikov, Miroslav Kollár; 2005-2010, Martin Bútora, Grigorij Mesežnikov, Miroslav Kollár 
500 |a Podnázov od [?]: trends in quality of democracy 
650 0 7 |a spoločnosť  |2 SNKPH  |9 1013 
650 0 7 |a vnútorná politika  |2 SNKPH  |9 970 
650 0 7 |a zahraničná politika  |2 SNKPH  |9 971 
650 0 7 |a ekonómia  |2 SNKPH  |9 788 
651 7 |a Slovensko  |2 SNKPH  |9 14231 
655 7 |a správy  |2 SNKPH  |9 70563 
655 7 |a ročenky  |2 SNKPH  |9 57146 
700 1 |a Mesežnikov, Grigorij,  |d 1958-  |4 edt  |9 87097 
700 1 |a Kollár, Miroslav,  |d 1969-  |4 edt  |9 110392 
700 1 |a Nicholson, Tom,  |d 1966-  |4 edt  |9 152550 
700 1 |a Bútora, Martin,  |d 1944-  |4 edt  |9 91157 
830 0 |a Slovakia in motion  |9 268271 
852 |a Štátna vedecká knižnica v Banskej Bystrici 
910 |a snk 
910 |a savuk 
919 |a 80-88935-28-8 
919 |a 80-88935-44-X 
919 |a 80-88935-61-X 
919 |a 978-80-88935-94-0 
919 |a 80-88935-79-2 
919 |a 80-88935-86-5 
919 |a 978-80-89345-16-8 
919 |a 978-80-89345-31-1 
999 |c 4776  |d 6706 
952 |a SNK  |b SNK  |y PREZ  |7 0  |p 17A0477604  |o snkČSB 4779/2003  |i snk2005/18873  |8 0  |0 0  |1 0  |4 0  |d 2005-11-08  |l 0  |r 2026-02-21 19:30:12  |w 2026-02-21 
952 |a SNK  |b SNK  |y PREZ  |7 0  |p 17A0477605  |o snkČSB 4779/2003 D1  |i snk2005/18874  |8 0  |0 0  |1 0  |4 0  |d 2005-11-08  |l 0  |r 2026-02-21 19:30:12  |w 2026-02-21 
952 |a SNK  |b SNK  |y PREZ  |7 0  |p 17A0416385  |o snkČSB 4779/2001  |i snkPV 594/2004  |0 0  |1 0  |4 0  |d 2004-05-10  |l 0  |r 2005-01-02 00:00:00  |w 2026-02-21 
952 |a SNK  |b SNK  |y PREZ  |7 0  |p 17A0416386  |o snkČSB 4779/2001 D1  |i snkPV 595/2004  |0 0  |1 0  |4 0  |d 2004-05-10  |l 0  |r 2005-01-02 00:00:00  |w 2026-02-21 
952 |a SNK  |b SNK  |y PREZ  |7 0  |p 17A0416387  |o snkČSB 4779/2002  |i snkPV 596/2004  |0 0  |1 0  |4 0  |d 2004-05-10  |l 0  |r 2005-01-02 00:00:00  |w 2026-02-21 
952 |a SNK  |b SNK  |y PREZ  |7 0  |p 17A0416388  |o snkČSB 4779/2002 D1  |i snkPV 597/2004  |0 0  |1 0  |4 0  |d 2004-05-10  |l 0  |r 2005-01-02 00:00:00  |w 2026-02-21 
952 |a SNK  |b SNK  |y PREZ  |7 0  |p 17A0582505  |o snkČSB 4779/2006  |i snk2008/14602  |8 0  |0 0  |1 0  |4 0  |d 2008-07-28  |l 0  |r 2026-02-21 20:14:50  |w 2026-02-21 
952 |a SNK  |b SNK  |y PREZ  |7 0  |p 17A0635043  |o snkČSB 4779/2005 D1  |i snk2009/20622  |8 1  |0 0  |1 0  |4 0  |d 2009-11-19  |l 0  |r 2026-02-21 20:22:04  |w 2026-02-21 
952 |a SNK  |b SNK  |y PREZ  |7 0  |p 17A0582506  |o snkČSB 4779/2006 D1  |i snk2008/14603  |8 0  |0 0  |1 0  |4 0  |d 2008-07-28  |l 0  |r 2026-02-21 20:28:42  |w 2026-02-21 
952 |a SNK  |b SNK  |y PREZ  |7 0  |p 17A0635040  |o snkČSB 4779/2004  |i snk2009/20619  |8 1  |0 0  |1 0  |4 0  |d 2009-11-19  |l 0  |r 2026-02-21 21:30:34  |w 2026-02-21 
952 |a SNK  |b SNK  |y PREZ  |7 0  |p 17A0635041  |o snkČSB 4779/2004 D1  |i snk2009/20620  |8 1  |0 0  |1 0  |4 0  |d 2009-11-19  |l 0  |r 2026-02-21 21:30:34  |w 2026-02-21 
952 |a SNK  |b SNK  |y PREZ  |7 0  |p 17A0635042  |o snkČSB 4779/2005  |i snk2009/20621  |8 1  |0 0  |1 0  |4 0  |d 2009-11-19  |l 0  |r 2026-02-21 21:30:34  |w 2026-02-21